Southville International School and Colleges
Your cart is empty.
  • Cart
  • Lists
    Public lists Eva Luna New books Lux_list list_1
    Your lists Log in to create your own lists
  • Log in to your account
  • Your cookies
  • Search history
Southville International School and Colleges
  • Advanced search
  • Recent comments
  • Most popular
  • Libraries

Log in to your account

Log in with GOOGLE


If you do not have an external account, but do have a local account, you can still log in:

  1. Home
  2. MARC view: Maisy's twinkly crinkly counting book /
Normal view MARC view ISBD view

Maisy's twinkly crinkly counting book / (Record no. 306529)

[ view plain ]
MARC details
000 -LEADER
fixed length control field 00738nam a2200265Ia 4500
008 - FIXED-LENGTH DATA ELEMENTS--GENERAL INFORMATION
fixed length control field 170203s9999 xx 000 0 und d
020 ## - INTERNATIONAL STANDARD BOOK NUMBER
International Standard Book Number 0-744557518
050 ## - LIBRARY OF CONGRESS CALL NUMBER
Classification number Fic
050 ## - LIBRARY OF CONGRESS CALL NUMBER
Item number C867m
100 ## - MAIN ENTRY--PERSONAL NAME
Personal name Cousins, Lucy.
245 ## - TITLE STATEMENT
Title Maisy's twinkly crinkly counting book /
245 ## - TITLE STATEMENT
Statement of responsibility, etc Lucy Cousins.
260 ## - PUBLICATION, DISTRIBUTION, ETC. (IMPRINT)
Place of publication, distribution, etc London :
260 ## - PUBLICATION, DISTRIBUTION, ETC. (IMPRINT)
Name of publisher, distributor, etc Walker,
260 ## - PUBLICATION, DISTRIBUTION, ETC. (IMPRINT)
Date of publication, distribution, etc 2004
300 ## - PHYSICAL DESCRIPTION
Extent 8 unnumbered pages :
300 ## - PHYSICAL DESCRIPTION
Other physical details chiefly color illustrations ;
300 ## - PHYSICAL DESCRIPTION
Dimensions 24 cm
650 ## - SUBJECT ADDED ENTRY--TOPICAL TERM
Topical term or geographic name as entry element Counting --
650 ## - SUBJECT ADDED ENTRY--TOPICAL TERM
Topical term or geographic name as entry element Maisy (Fictitious character : Cousins) --
650 ## - SUBJECT ADDED ENTRY--TOPICAL TERM
Topical term or geographic name as entry element Textured books --
650 ## - SUBJECT ADDED ENTRY--TOPICAL TERM
General subdivision Pictorial works -- Juvenile literature.
650 ## - SUBJECT ADDED ENTRY--TOPICAL TERM
General subdivision Pictorial works -- Juvenile literature.
650 ## - SUBJECT ADDED ENTRY--TOPICAL TERM
General subdivision Specimens.
Holdings
Withdrawn status Lost status Damaged status Home library Current library Shelving location Date acquired Total Checkouts Full call number Barcode Date last seen Price effective from Koha item type
      Stonyhurst Southville International School (Batangas) Stonyhurst Southville International School (Batangas)   02/03/2017   Fic .867m 2004 LS-2236 02/03/2017 02/03/2017 Books

Maisy's twinkly crinkly counting book /

APA

Cousins L., .Maisy's twinkly crinkly counting book. London: .

Chicago

Cousins Lucy, .Maisy's twinkly crinkly counting book. London: .

Harvard

Cousins L., .Maisy's twinkly crinkly counting book. London: .

MLA

Cousins Lucy, .London: . .

  • Place hold
  • Print
  • Cite
  • Add to your cart (remove)
  • Save record
    BIBTEX Dublin Core MARCXML MARC (non-Unicode/MARC-8) MARC (Unicode/UTF-8) MARC (Unicode/UTF-8, Standard) MODS (XML) RIS
  • More searches
    Search for this title in:
    Other Libraries (WorldCat) Other Databases (Google Scholar) Online Stores (Bookfinder.com) Open Library (openlibrary.org)

Exporting to Dublin Core...

SOUTHVILLE LIBRARY

Southville International School and Colleges Library

1281 Tropical Ave. Cor. Luxembourg St., BF Homes International, Las Pinas City

Tel. No. 8256374 / 252358 Loc. 117/146

Powered by Koha